|
|
|
|
| LEADER |
00000nam0a2200000 4500 |
| 001 |
251922 |
| 005 |
20231101232712.0 |
| 010 |
|
|
|a 9785445838401
|
| 035 |
|
|
|a (RuTPU)RU\TPU\book\274234
|
| 090 |
|
|
|a 251922
|
| 100 |
|
|
|a 20140225d2014 m y0rusy50 ca
|
| 101 |
0 |
|
|a rus
|
| 102 |
|
|
|a RU
|
| 105 |
|
|
|a y j 001zy
|
| 200 |
1 |
|
|a Ключевые проблемы российской модернизации
|e курс лекций
|f А. Н. Медушевский
|
| 210 |
|
|
|a Москва
|c Директ-Медиа
|d 2014
|
| 215 |
|
|
|a 679 с.
|
| 320 |
|
|
|a Библиогр.: с. 616-625.
|
| 330 |
|
|
|a С позиций когнитивной методологии в книге на большом сравнительном и историческом материале рассматривается опыт российской модернизации за 300 лет от реформ эпохи абсолютизма до современных конституционных преобразований. Модернизация означает ситуацию неустойчивого равновесия — своеобразного баланса сил ее сторонников и противников, который может разрешиться в пользу одной или другой стороны. Она порождает дилемму реформаторов, от решения которых зависит оптимальное развитие социальных процессов или их срыв. Стратегия и тактика реформ вырисовывается как результирующая комбинация конкурирующих конструкций социальной реальности — правовых проектов, политических инициатив и технологий их осуществления, отражающих борьбу за власть и выбор вектора развития в обществах переходного типа.
|
| 606 |
1 |
|
|a Социальные изменения
|2 stltpush
|3 (RuTPU)RU\TPU\subj\68639
|9 83834
|
| 606 |
1 |
|
|a Экономические реформы
|y Россия
|y СНГ
|2 stltpush
|3 (RuTPU)RU\TPU\subj\67505
|9 83280
|
| 610 |
1 |
|
|a экономика
|
| 610 |
1 |
|
|a модернизация
|
| 610 |
1 |
|
|a история
|
| 610 |
1 |
|
|a экономическая история
|
| 610 |
1 |
|
|a Россия
|
| 610 |
1 |
|
|a общество
|
| 610 |
1 |
|
|a государство
|
| 610 |
1 |
|
|a реформаторы
|
| 610 |
1 |
|
|a столыпинские реформы
|
| 610 |
1 |
|
|a социальные кризисы
|
| 610 |
1 |
|
|a 20 век
|
| 610 |
1 |
|
|a революция
|
| 610 |
1 |
|
|a сталинизм
|
| 610 |
1 |
|
|a переходные процессы
|
| 610 |
1 |
|
|a социальное конструирование
|
| 610 |
1 |
|
|a перестройка
|
| 610 |
1 |
|
|a СССР
|
| 610 |
1 |
|
|a Конституция
|
| 610 |
1 |
|
|a национализм
|
| 610 |
1 |
|
|a авторитарная модернизация
|
| 610 |
1 |
|
|a глобализм
|
| 610 |
1 |
|
|a европеизация
|
| 610 |
1 |
|
|a европейские страны
|
| 610 |
1 |
|
|a политика
|
| 610 |
1 |
|
|a олигархи
|
| 610 |
1 |
|
|a олигархия
|
| 610 |
1 |
|
|a конституционные реформы
|
| 610 |
1 |
|
|a постсоветская Россия
|
| 610 |
1 |
|
|a экономические преобразования
|
| 610 |
1 |
|
|a общественное сознание
|
| 610 |
1 |
|
|a учебные пособия
|
| 686 |
|
|
|a С55я73я73
|v LBC/SL-A
|2 rubbk
|
| 686 |
|
|
|a У9(2)0-183я73
|v LBC/SL-A
|2 rubbk
|
| 700 |
|
1 |
|a Медушевский
|b А. Н.
|g Андрей Николаевич
|
| 801 |
|
1 |
|a RU
|b 63413507
|c 20140225
|
| 801 |
|
2 |
|a RU
|b 63413507
|c 20140617
|g RCR
|
| 942 |
|
|
|c BK
|
| 959 |
|
|
|a 37/20140225
|d 1
|e 1090,32
|f ЧЗГЛ:1
|